000 00828cam a2200217 a 4500
001 000007303
005 20200929154127.0
008 831214s1970 ec 001 p spa
040 _aDO-SdBNP
_cCarP
_dDLC
082 _a895.609
_bB272o
100 1 _aBarrera V. Alfonso,
_d1929-
_920281
245 1 3 _aLa occidentalización de la poesía japonesa :
_bensayo con un muestrario de poemas japoneses /
_cAlfonso Barrera V.
260 _aQuito, Ecuador :
_bCasa de la Cultura Ecuatoriana,
_c1970.
300 _a114 p. ;
_c21 cm.
650 4 _aPoesía japonesa
_95336
650 4 _aLiteratura japonesa
_vENSAYOS, CONFERENCIAS, ETC.
_920282
650 4 _aLiteratura comparada
_xJaponesa y europea
_920283
650 4 _aLiteratura comparada
_xEuropeay japonesa
_920284
740 0 _aPoesía japonesa.
910 _aCatalogación por copia / LC
999 _c7084
_d7084